Most Spoken Languages in South Asia - Statistics

General Stats
  • This quiz has been taken 51 times
  • The average score is 7 of 9
Answer Stats
Speakers Languages % Correct
600M+ Hindi
98%
300M+ Bengali
94%
80M+ Tamil
89%
110M+ Punjabi
85%
77M+ Urdu
83%
78M+ Marathi
74%
85M+ Telugu
72%
60M+ Gujarati
70%
50M+ Odia
51%
No matching quizzes found
Score Distribution
Percent of People with Each Score
Percentile by Number Answered
Your Score History
You have not taken this quiz